00968nam a22002531 45000010006000000050017000060080041000230100017000640200016000810350012000970400026001090500011001350820013001461000039001592450052001982600054002503000051003045050102003556500021004579060045004789420012005239990017005359520162005521337720251008084557.0700729t19671965enkabch 000 0 eng  a 68006292  a07175044433 a4538398 aDLCcDLCdDLCdBSULIB10aBL80.200a200bPAR1 aParrinder, Edward Geoffrey.92599312aA book of world religions,cby E. G. Parrinder. a[London]bHulton Educational Publicationsc1982.  a176 p.billus., facsims., maps, ports.c26 cm. aMEN AT PRAYER THE FOUNDERS HOLY BOOKS AND THEIR TEACHING GROWTH AND PRESENT STATE OF RELIGIONS 0aReligions.98190 a7bcbccorignewduencipf19gy-gencatlg 2ddccBK c13377d13377 00102ddc4070absubbsucOSd2005-10-05eDonationi8763l0o200 PARpbsu25100192r2025-10-08 08:48:00t001w2025-10-08yBKzMaterial available in hard copy